000 00780nam a22002531i 4500
001 20970
003 VRT
005 20260207124623.0
008 090725s1922 SK r 000 slo d
035 _a(SVKBBclas03)vtls000117186
039 9 _a201904040812
_bAUTHORITY
_c201904031225
_dAUTHORITY
_c201904031221
_dAUTHORITY
040 _aSVKBB
_bslo
_cSVKBB
_eAACR2
041 0 _aslo
080 _a885.4-2
090 _aO 1148
100 1 _aTajovský, Jozef Gregor,
_d1874-1940
245 1 0 _aHriech
_cGregor Tajovský
260 _aTurčiansky sv. Martin
_bTlačou Kníhtl. úč. spolku
_c1922
300 _a32 s.
_c12 cm
440 _a(Spisy Gregora Tajovského.
650 0 7 _aslovenská dráma
_2hŠVKBB
942 _2ddc
_cKLDO
_n0
949 _6270001000139869
_asvkbbO 1148
_p642.822
999 _c20970
_d20970